000 nam a22 7a 4500
999 _c7959
_d7959
008 171118b xxu||||| |||| 00| 0 eng d
100 _94416
_aNCERT
245 _aMATHEMATICS LABORATORY MANUAL HIGHER SECONDARY
260 _aNEW DELHI
_bNCERT
_c2012